Countries With Most Covid-19 Testing - Statistics

General Stats
  • This quiz has been taken 46 times
  • The average score is 24 of 36
Answer Stats
country % Correct
United States
100%
United Kingdom
95%
India
88%
Australia
85%
France
85%
Ireland
85%
Russia
85%
Spain
85%
Brazil
83%
Canada
83%
Germany
83%
Italy
80%
Austria
78%
New Zealand
78%
Poland
78%
Turkey
78%
Portugal
76%
Portugal
76%
South Korea
76%
Switzerland
71%
Norway
68%
Iran
61%
Denmark
59%
Israel
59%
Israel
59%
United Arab Emirates
59%
Bahrain
56%
Qatar
56%
Estonia
46%
Latvia
46%
Lithuania
44%
Kuwait
41%
Peru
39%
Slovenia
37%
Venezuela
32%
Cyprus
20%
No matching quizzes found
Score Distribution
Percent of People with Each Score
Percentile by Number Answered
Your Score History
You have not taken this quiz